| 000 | 00791cab a2200229 4500 | ||
|---|---|---|---|
| 001 | WB2801-68 | ||
| 008 | 090401t1992 xxu||||| |||| 00| 0 eng d | ||
| 035 | _a(Sirsi) u53032 | ||
| 041 | _aeng | ||
| 245 | _aForestry Commission restructure | ||
| 260 | _c1992 | ||
| 350 | _a0 | ||
| 490 |
_aCS Monthly : Rural Practice _vJanuary 1992, 2 |
||
| 520 | _aFrom 1 April 1992, the Forestry Commission will separate its forest management functions from its grant administration, research and regulation functions. The two organisations will be known as the Forest Authority and the Forest Enterprise. | ||
| 650 | _aFOREST AUTHORITY | ||
| 650 | _aFOREST ENTERPRISE | ||
| 650 | _aFORESTRY COMMISSION | ||
| 650 | _aFORESTRY | ||
| 690 | _aRURAL PRACTICE | ||
| 942 | _n0 | ||
| 948 | _c04/03/1997 | ||
| 999 |
_c32718 _d32718 |
||